[Event "DEM U12w 2022"]
[Site "Willingen GER"]
[Date "2022.06.05"]
[Round "1"]
[White "Kopylov, Diana"]
[Black "Czäczine, Paula"]
[Result "1/2-1/2"]
[Termination "normal"]
[Board "8"]
[WhiteElo "1110"]
[BlackElo "1218"]
[WhiteClock "00:04:58"]
[BlackClock "00:01:23"]
[PlyCount "156"]
[WhiteFideId "16268865"]
[BlackFideId "16249305"]
[EventCountry "GER"]
[EventRounds "9"]
[EventType "swiss"]
[EventDate "2022.06.04"]

1. d4 {[%clk 01:30:57]} {[%emt 00:00:02]} d5 {[%clk 01:30:54]} {[%emt
00:00:06]} 2. c4 {[%clk 01:31:17]} {[%emt 00:00:11]} dxc4 {[%clk 01:31:15]}
{[%emt 00:00:09]} 3. e4 {[%clk 01:31:38]} {[%emt 00:00:09]} e5 {[%clk
01:31:35]} {[%emt 00:00:10]} 4. d5 {[%clk 01:30:12]} {[%emt 00:01:56]} Nf6
{[%clk 01:26:52]} {[%emt 00:05:12]} 5. Nc3 {[%clk 01:28:37]} {[%emt 00:02:05]}
Bb4 {[%clk 01:25:05]} {[%emt 00:02:18]} 6. Qa4+ {[%clk 01:25:07]} {[%emt
00:04:00]} c6 {[%clk 01:22:07]} {[%emt 00:03:27]} 7. Qxb4 {[%clk 01:24:17]}
{[%emt 00:01:20]} cxd5 {[%clk 01:20:51]} {[%emt 00:01:46]} 8. exd5 {[%clk
01:22:23]} {[%emt 00:02:24]} Nbd7 {[%clk 01:18:30]} {[%emt 00:02:52]} 9. Bxc4
{[%clk 01:19:56]} {[%emt 00:02:56]} a5 {[%clk 01:16:48]} {[%emt 00:02:12]} 10.
Qb3 {[%clk 01:15:14]} {[%emt 00:05:13]} O-O {[%clk 01:14:52]} {[%emt 00:02:26]}
11. Nf3 {[%clk 01:10:43]} {[%emt 00:05:00]} e4 {[%clk 01:11:27]} {[%emt
00:03:55]} 12. Nd4 {[%clk 01:06:01]} {[%emt 00:05:11]} Nc5 {[%clk 01:07:51]}
{[%emt 00:04:07]} 13. Qc2 {[%clk 01:01:36]} {[%emt 00:04:55]} Qd6 {[%clk
01:02:04]} {[%emt 00:06:18]} 14. Bg5 {[%clk 00:56:11]} {[%emt 00:05:54]} Re8
{[%clk 00:55:13]} {[%emt 00:07:22]} 15. O-O-O {[%clk 00:48:15]} {[%emt
00:08:25]} Bd7 {[%clk 00:49:44]} {[%emt 00:06:00]} 16. Bb5 {[%clk 00:38:19]}
{[%emt 00:10:25]} Nxd5 {[%clk 00:36:30]} {[%emt 00:13:44]} 17. Kb1 {[%clk
00:24:13]} {[%emt 00:14:37]} Nb4 {[%clk 00:22:04]} {[%emt 00:14:56]} 18. Qd2
{[%clk 00:17:53]} {[%emt 00:06:48]} Nbd3 {[%clk 00:20:28]} {[%emt 00:02:07]}
19. Be3 {[%clk 00:12:10]} {[%emt 00:06:13]} a4 {[%clk 00:16:38]} {[%emt
00:04:20]} 20. Bxd3 {[%clk 00:07:13]} {[%emt 00:05:26]} Nxd3 {[%clk 00:16:54]}
{[%emt 00:00:15]} 21. a3 {[%clk 00:06:36]} {[%emt 00:01:07]} Rac8 {[%clk
00:12:34]} {[%emt 00:04:50]} 22. Nxe4 {[%clk 00:05:16]} {[%emt 00:01:50]} Rxe4
{[%clk 00:11:10]} {[%emt 00:01:54]} 23. Qxd3 {[%clk 00:05:15]} {[%emt
00:00:31]} Qe7 {[%clk 00:09:38]} {[%emt 00:02:03]} 24. Rd2 {[%clk 00:04:20]}
{[%emt 00:01:25]} Re5 {[%clk 00:04:58]} {[%emt 00:05:09]} 25. Nf3 {[%clk
00:03:39]} {[%emt 00:01:10]} Bf5 {[%clk 00:03:58]} {[%emt 00:01:31]} 26. Nxe5
{[%clk 00:03:33]} {[%emt 00:00:35]} Bxd3+ {[%clk 00:04:03]} {[%emt 00:00:26]}
27. Nxd3 {[%clk 00:03:55]} {[%emt 00:00:08]} Qe4 {[%clk 00:03:43]} {[%emt
00:00:50]} 28. Rhd1 {[%clk 00:02:14]} {[%emt 00:02:11]} Qxg2 {[%clk 00:02:28]}
{[%emt 00:01:45]} 29. Nf4 {[%clk 00:01:56]} {[%emt 00:00:47]} Qe4+ {[%clk
00:02:44]} {[%emt 00:00:15]} 30. Ka2 {[%clk 00:01:39]} {[%emt 00:00:47]} Qc4+
{[%clk 00:02:49]} {[%emt 00:00:25]} 31. Kb1 {[%clk 00:01:40]} {[%emt 00:00:29]}
Qe4+ {[%clk 00:03:06]} {[%emt 00:00:14]} 32. Ka2 {[%clk 00:01:31]} {[%emt
00:00:39]} h6 {[%clk 00:02:58]} {[%emt 00:00:36]} 33. Rd4 {[%clk 00:01:30]}
{[%emt 00:00:31]} Qc2 {[%clk 00:02:03]} {[%emt 00:01:25]} 34. R4d2 {[%emt
00:01:31]} Qb3+ {[%clk 00:01:49]} 35. Kb1 {[%clk 00:01:27]} {[%emt 00:00:17]}
b5 {[%clk 00:01:03]} {[%emt 00:01:15]} 36. Rd3 {[%clk 00:01:24]} {[%emt
00:00:34]} Qc2+ {[%clk 00:01:24]} {[%emt 00:00:09]} 37. Ka1 {[%clk 00:01:17]}
{[%emt 00:00:37]} Qc7 {[%clk 00:01:04]} {[%emt 00:00:46]} 38. Nd5 {[%clk
00:01:13]} {[%emt 00:00:38]} Qb7 {[%clk 00:00:58]} {[%emt 00:00:33]} 39. Nb4
{[%clk 00:01:03]} {[%emt 00:00:43]} Kh7 {[%clk 00:00:45]} {[%emt 00:00:43]} 40.
Rd7 {[%clk 00:00:54]} {[%emt 00:00:39]} Qf3 {[%clk 00:00:58]} {[%emt 00:00:16]}
41. R7d3 {[%clk 00:30:00]} {[%emt 00:00:53]} Qg2 {[%clk 00:29:41]} {[%emt
00:01:49]} 42. Rd7 {[%clk 00:28:59]} {[%emt 00:02:00]} Qf3 {[%clk 00:29:32]}
{[%emt 00:00:39]} 43. R7d5 {[%clk 00:27:40]} {[%emt 00:01:48]} Rb8 {[%clk
00:25:16]} {[%emt 00:04:47]} 44. Nc6 {[%clk 00:25:54]} {[%emt 00:02:16]} Rb7
{[%clk 00:23:57]} {[%emt 00:01:49]} 45. Ne5 {[%clk 00:23:49]} {[%emt 00:02:36]}
Qf6 {[%clk 00:20:30]} {[%emt 00:03:54]} 46. Nd7 {[%clk 00:21:37]} {[%emt
00:02:45]} Qc6 {[%clk 00:17:48]} {[%emt 00:03:11]} 47. Nc5 {[%clk 00:19:45]}
{[%emt 00:02:23]} Re7 {[%clk 00:17:05]} {[%emt 00:01:12]} 48. Rd6 {[%clk
00:18:35]} {[%emt 00:01:40]} Qc7 {[%clk 00:15:23]} {[%emt 00:02:12]} 49. Bf4
{[%clk 00:17:12]} {[%emt 00:01:51]} Qxc5 {[%clk 00:15:12]} {[%emt 00:00:44]}
50. Be3 {[%clk 00:16:45]} {[%emt 00:00:56]} Qe5 {[%clk 00:14:44]} {[%emt
00:00:58]} 51. R6d5 {[%clk 00:16:23]} {[%emt 00:00:53]} Qxh2 {[%clk 00:13:47]}
{[%emt 00:01:27]} 52. Rxb5 {[%clk 00:16:39]} {[%emt 00:00:14]} Qc7 {[%clk
00:12:52]} {[%emt 00:01:23]} 53. Rb4 {[%clk 00:15:30]} {[%emt 00:01:40]} Qc6
{[%clk 00:11:31]} {[%emt 00:01:50]} 54. Rc1 {[%clk 00:15:18]} {[%emt 00:00:44]}
Qd7 {[%clk 00:11:02]} {[%emt 00:00:57]} 55. Rcc4 {[%clk 00:15:06]} {[%emt
00:00:43]} Qd1+ {[%clk 00:09:04]} {[%emt 00:02:29]} 56. Ka2 {[%clk 00:14:49]}
{[%emt 00:00:47]} Qd5 {[%clk 00:09:02]} {[%emt 00:00:31]} 57. Rxa4 {[%clk
00:14:10]} {[%emt 00:01:09]} Rc7 {[%clk 00:09:10]} {[%emt 00:00:21]} 58. b3
{[%clk 00:14:15]} {[%emt 00:00:26]} Rxc4 {[%clk 00:09:18]} {[%emt 00:00:23]}
59. Rxc4 {[%clk 00:14:24]} {[%emt 00:00:21]} h5 {[%clk 00:08:21]} {[%emt
00:01:27]} 60. a4 {[%clk 00:13:39]} {[%emt 00:01:14]} f6 {[%clk 00:07:04]}
{[%emt 00:01:47]} 61. Rh4 {[%clk 00:12:53]} {[%emt 00:01:15]} Qd1 {[%clk
00:06:08]} {[%emt 00:01:28]} 62. a5 {[%clk 00:11:33]} {[%emt 00:01:50]} g5
{[%clk 00:05:00]} {[%emt 00:01:38]} 63. Ra4 {[%clk 00:11:23]} {[%emt 00:00:39]}
Qe2+ {[%clk 00:04:09]} {[%emt 00:01:22]} 64. Ka3 {[%clk 00:10:39]} {[%emt
00:01:14]} Qa6 {[%clk 00:04:17]} {[%emt 00:00:21]} 65. Bb6 {[%clk 00:09:23]}
{[%emt 00:01:47]} h4 {[%clk 00:03:35]} {[%emt 00:01:12]} 66. Rc4 {[%clk
00:08:31]} {[%emt 00:01:21]} h3 {[%clk 00:01:58]} {[%emt 00:02:08]} 67. Bc7
{[%clk 00:07:15]} {[%emt 00:01:45]} Qe6 {[%clk 00:00:55]} {[%emt 00:01:32]} 68.
Rc1 {[%clk 00:06:09]} {[%emt 00:01:37]} Qe7+ {[%clk 00:01:16]} {[%emt
00:00:10]} 69. Ka4 {[%clk 00:06:10]} {[%emt 00:00:28]} Qd7+ {[%clk 00:01:32]}
{[%emt 00:00:15]} 70. Ka3 {[%clk 00:06:22]} {[%emt 00:00:18]} Qe7+ {[%clk
00:01:50]} {[%emt 00:00:12]} 71. Ka4 {[%clk 00:06:43]} {[%emt 00:00:09]} Qe4+
{[%clk 00:01:54]} {[%emt 00:00:26]} 72. b4 {[%clk 00:06:01]} {[%emt 00:01:12]}
Qe2 {[%clk 00:01:34]} {[%emt 00:00:50]} 73. Bg3 {[%clk 00:05:29]} {[%emt
00:01:01]} g4 {[%clk 00:01:06]} {[%emt 00:00:58]} 74. Rc6 {[%clk 00:04:57]}
{[%emt 00:01:02]} Qe8 {[%clk 00:00:57]} {[%emt 00:00:39]} 75. Kb5 {[%clk
00:05:06]} {[%emt 00:00:21]} Qe2+ {[%clk 00:00:51]} {[%emt 00:00:37]} 76. Kb6
{[%clk 00:05:14]} {[%emt 00:00:22]} Kg6 {[%clk 00:00:55]} {[%emt 00:00:26]} 77.
a6 {[%clk 00:05:18]} {[%emt 00:00:26]} Qe4 {[%clk 00:01:01]} {[%emt 00:00:23]}
78. b5 {[%clk 00:04:58]} {[%emt 00:00:51]} Qd4+ {[%clk 00:01:23]} {[%emt
00:00:08]} *

[Event "DEM U12w 2022"]
[Site "Willingen GER"]
[Date "2022.06.05"]
[Round "1"]
[White "Kutz, Ida Klara"]
[Black "Mader, Theresa"]
[Result "1-0"]
[Termination "normal"]
[Board "11"]
[WhiteElo "1327"]
[BlackElo "1339"]
[WhiteClock "00:48:49"]
[BlackClock "00:37:08"]
[PlyCount "67"]
[WhiteFideId "16296257"]
[BlackFideId "34605657"]
[EventCountry "GER"]
[EventRounds "9"]
[EventType "swiss"]
[EventDate "2022.06.04"]

1. c4 {[%clk 01:30:57]} {[%emt 00:00:02]} c6 {[%clk 01:30:54]} {[%emt
00:00:06]} 2. Nc3 {[%clk 01:31:12]} {[%emt 00:00:15]} d5 {[%clk 01:31:13]}
{[%emt 00:00:11]} 3. cxd5 {[%clk 01:31:25]} {[%emt 00:00:16]} cxd5 {[%clk
01:31:32]} {[%emt 00:00:11]} 4. d4 {[%clk 01:31:37]} {[%emt 00:00:18]} Nf6
{[%clk 01:31:36]} {[%emt 00:00:27]} 5. Nf3 {[%clk 01:31:08]} {[%emt 00:00:59]}
Nc6 {[%clk 01:31:27]} {[%emt 00:00:39]} 6. Ne5 {[%clk 01:30:06]} {[%emt
00:01:32]} Qc7 {[%clk 01:30:12]} {[%emt 00:01:45]} 7. Bf4 {[%clk 01:27:58]}
{[%emt 00:02:38]} Qb6 {[%clk 01:28:16]} {[%emt 00:02:27]} 8. Nxc6 {[%clk
01:27:25]} {[%emt 00:01:03]} Qxc6 {[%clk 01:28:09]} {[%emt 00:00:36]} 9. e3
{[%clk 01:27:27]} {[%emt 00:00:27]} a6 {[%clk 01:27:41]} {[%emt 00:00:59]} 10.
Be5 {[%clk 01:26:04]} {[%emt 00:01:52]} Bf5 {[%clk 01:26:20]} {[%emt 00:01:51]}
11. Rc1 {[%clk 01:25:25]} {[%emt 00:01:10]} Rd8 {[%clk 01:22:00]} {[%emt
00:04:49]} 12. Na4 {[%clk 01:24:31]} {[%emt 00:01:25]} Qd7 {[%clk 01:20:08]}
{[%emt 00:02:21]} 13. Rc7 {[%clk 01:24:19]} {[%emt 00:00:42]} Qe6 {[%clk
01:19:07]} {[%emt 00:01:31]} 14. Qb3 {[%clk 01:22:13]} {[%emt 00:02:37]} Nd7
{[%clk 01:17:15]} {[%emt 00:02:21]} 15. Qxb7 {[%clk 01:19:54]} {[%emt
00:02:50]} f6 {[%clk 01:12:54]} {[%emt 00:04:51]} 16. Bg3 {[%clk 01:16:26]}
{[%emt 00:03:58]} Rb8 {[%clk 01:04:25]} {[%emt 00:08:59]} 17. Rc8+ {[%clk
01:11:54]} {[%emt 00:05:02]} Rxc8 {[%clk 01:04:33]} {[%emt 00:00:21]} 18. Qxc8+
{[%clk 01:12:09]} {[%emt 00:00:16]} Kf7 {[%clk 01:04:41]} {[%emt 00:00:21]} 19.
Bxa6 {[%clk 01:11:45]} {[%emt 00:00:56]} g6 {[%clk 01:00:18]} {[%emt 00:04:52]}
20. Bb7 {[%clk 01:10:11]} {[%emt 00:02:04]} Bg7 {[%clk 00:58:28]} {[%emt
00:02:19]} 21. Qc3 {[%clk 01:09:19]} {[%emt 00:01:20]} Qe4 {[%clk 00:52:02]}
{[%emt 00:06:58]} 22. O-O {[%clk 01:08:05]} {[%emt 00:01:45]} Qg4 {[%clk
00:44:30]} {[%emt 00:08:01]} 23. Bxd5+ {[%clk 01:07:32]} {[%emt 00:01:04]} Be6
{[%clk 00:44:05]} {[%emt 00:00:54]} 24. Bf3 {[%clk 01:05:11]} {[%emt 00:02:51]}
Qf5 {[%clk 00:43:48]} {[%emt 00:00:47]} 25. e4 {[%clk 01:04:04]} {[%emt
00:01:37]} Qb5 {[%clk 00:42:33]} {[%emt 00:01:45]} 26. d5 {[%clk 01:02:47]}
{[%emt 00:01:48]} Bxd5 {[%clk 00:42:20]} {[%emt 00:00:43]} 27. exd5 {[%clk
00:55:21]} {[%emt 00:07:56]} Qxa4 {[%clk 00:42:25]} {[%emt 00:00:24]} 28. Qe3
{[%clk 00:54:12]} {[%emt 00:01:39]} Re8 {[%clk 00:39:57]} {[%emt 00:02:58]} 29.
Qe6+ {[%clk 00:53:41]} {[%emt 00:01:01]} Kf8 {[%clk 00:40:07]} {[%emt
00:00:21]} 30. d6 {[%clk 00:53:31]} {[%emt 00:00:40]} Nc5 {[%clk 00:37:24]}
{[%emt 00:03:12]} 31. dxe7+ {[%clk 00:49:53]} {[%emt 00:04:08]} Rxe7 {[%clk
00:37:31]} {[%emt 00:00:23]} 32. Qc8+ {[%clk 00:49:36]} {[%emt 00:00:47]} Re8
{[%clk 00:37:01]} {[%emt 00:01:00]} 33. Qxc5+ {[%clk 00:49:22]} {[%emt
00:00:45]} Kg8 {[%clk 00:37:08]} {[%emt 00:00:22]} 34. Bc6 {[%clk 00:48:49]}
{[%emt 00:01:03]} 1-0

[Event "DEM U12w 2022"]
[Site "Willingen GER"]
[Date "2022.06.05"]
[Round "1"]
[White "Nalam, Mokshadha"]
[Black "Schwarzfischer, Julia"]
[Result "0-1"]
[Termination "normal"]
[Board "12"]
[WhiteElo "1185"]
[BlackElo "1368"]
[WhiteClock "00:38:46"]
[BlackClock "01:16:48"]
[PlyCount "184"]
[WhiteFideId "34623566"]
[BlackFideId "16268105"]
[EventCountry "GER"]
[EventRounds "9"]
[EventType "swiss"]
[EventDate "2022.06.04"]

1. e4 {[%clk 01:30:57]} {[%emt 00:00:03]} e5 {[%clk 01:30:52]} {[%emt
00:00:08]} 2. Nf3 {[%clk 01:31:20]} {[%emt 00:00:07]} Nc6 {[%clk 01:31:07]}
{[%emt 00:00:15]} 3. Bc4 {[%clk 01:31:39]} {[%emt 00:00:12]} Bc5 {[%clk
01:31:21]} {[%emt 00:00:16]} 4. c3 {[%clk 01:31:59]} {[%emt 00:00:09]} Nf6
{[%clk 01:31:37]} {[%emt 00:00:15]} 5. d3 {[%clk 01:32:13]} {[%emt 00:00:16]}
a6 {[%clk 01:31:45]} {[%emt 00:00:22]} 6. a4 {[%clk 01:32:31]} {[%emt
00:00:12]} h6 {[%clk 01:31:06]} {[%emt 00:01:08]} 7. h3 {[%clk 01:32:47]}
{[%emt 00:00:14]} d6 {[%clk 01:31:19]} {[%emt 00:00:18]} 8. Nbd2 {[%clk
01:33:03]} {[%emt 00:00:13]} Be6 {[%clk 01:31:26]} {[%emt 00:00:24]} 9. Bxe6
{[%clk 01:32:40]} {[%emt 00:00:53]} fxe6 {[%clk 01:31:44]} {[%emt 00:00:12]}
10. Nf1 {[%clk 01:32:02]} {[%emt 00:01:07]} d5 {[%clk 01:31:29]} {[%emt
00:00:45]} 11. Qe2 {[%clk 01:24:57]} {[%emt 00:07:35]} Qd6 {[%clk 01:30:12]}
{[%emt 00:01:48]} 12. Be3 {[%clk 01:20:13]} {[%emt 00:05:14]} d4 {[%clk
01:28:16]} {[%emt 00:02:26]} 13. Bd2 {[%clk 01:17:51]} {[%emt 00:02:51]} Nd7
{[%clk 01:24:58]} {[%emt 00:03:49]} 14. Ng3 {[%clk 01:14:43]} {[%emt 00:03:38]}
O-O-O {[%clk 01:22:30]} {[%emt 00:02:58]} 15. b4 {[%clk 01:14:40]} {[%emt
00:00:33]} dxc3 {[%clk 01:22:11]} {[%emt 00:00:49]} 16. bxc5 {[%clk 01:07:05]}
{[%emt 00:08:04]} cxd2+ {[%clk 01:22:02]} {[%emt 00:00:40]} 17. Qxd2 {[%clk
01:01:53]} {[%emt 00:05:41]} Nxc5 {[%clk 01:21:51]} {[%emt 00:00:42]} 18. O-O
{[%clk 01:00:29]} {[%emt 00:01:54]} Nb3 {[%clk 01:21:53]} {[%emt 00:00:29]} 19.
Qa2 {[%clk 00:59:48]} {[%emt 00:01:10]} Nxa1 {[%clk 01:22:12]} {[%emt
00:00:11]} 20. Rxa1 {[%clk 01:00:12]} {[%emt 00:00:06]} Nb4 {[%clk 01:21:37]}
{[%emt 00:01:06]} 21. Qb3 {[%clk 00:59:14]} {[%emt 00:01:26]} Nxd3 {[%clk
01:21:28]} {[%emt 00:00:39]} 22. Rd1 {[%clk 00:59:20]} {[%emt 00:00:25]} Nc5
{[%clk 01:18:47]} {[%emt 00:03:11]} 23. Rxd6 {[%clk 00:59:39]} {[%emt
00:00:10]} Nxb3 {[%clk 01:19:12]} {[%emt 00:00:06]} 24. Rxe6 {[%clk 00:59:57]}
{[%emt 00:00:11]} Nc5 {[%clk 01:19:25]} {[%emt 00:00:18]} 25. Rg6 {[%clk
00:59:35]} {[%emt 00:00:51]} Nxa4 {[%clk 01:18:10]} {[%emt 00:01:45]} 26. Nxe5
{[%clk 00:59:59]} {[%emt 00:00:06]} Rde8 {[%clk 01:17:55]} {[%emt 00:00:46]}
27. f4 {[%clk 00:59:55]} {[%emt 00:00:34]} Rhf8 {[%clk 01:17:33]} {[%emt
00:00:53]} 28. Nh5 {[%clk 00:58:54]} {[%emt 00:01:29]} c5 {[%clk 01:17:00]}
{[%emt 00:01:03]} 29. Nxg7 {[%clk 00:58:29]} {[%emt 00:00:55]} Rxe5 {[%clk
01:16:45]} {[%emt 00:00:45]} 30. fxe5 {[%clk 00:58:30]} {[%emt 00:00:29]} Rg8
{[%clk 01:17:04]} {[%emt 00:00:11]} 31. h4 {[%clk 00:58:16]} {[%emt 00:00:44]}
c4 {[%clk 01:17:21]} {[%emt 00:00:14]} 32. h5 {[%clk 00:58:07]} {[%emt
00:00:39]} c3 {[%clk 01:17:44]} {[%emt 00:00:07]} 33. Nf5 {[%emt 00:01:18]}
Rxg6 {[%clk 01:17:34]} {[%emt 00:00:37]} 34. hxg6 {[%clk 00:57:43]} {[%emt
00:00:08]} c2 {[%clk 01:18:01]} {[%emt 00:00:04]} 35. g7 {[%clk 00:57:54]}
{[%emt 00:00:19]} c1=Q+ {[%clk 01:18:25]} {[%emt 00:00:06]} 36. Kh2 {[%clk
00:58:16]} {[%emt 00:00:08]} Qf4+ {[%clk 01:18:35]} {[%emt 00:00:20]} 37. Kh3
{[%clk 00:58:06]} {[%emt 00:00:39]} Qg5 {[%clk 01:18:14]} {[%emt 00:00:52]} 38.
Ne7+ {[%clk 00:57:44]} {[%emt 00:00:51]} Kb8 {[%clk 01:17:04]} {[%emt
00:01:41]} 39. g8=Q+ {[%clk 00:57:56]} {[%emt 00:00:18]} Qxg8 {[%clk 01:17:29]}
{[%emt 00:00:04]} 40. Nxg8 {[%clk 00:58:23]} {[%emt 00:00:03]} b5 {[%clk
01:17:42]} {[%emt 00:00:18]} 41. e6 {[%clk 00:58:44]} {[%emt 00:00:09]} Kc7
{[%clk 01:18:06]} {[%emt 00:00:07]} 42. e5 {[%clk 00:57:12]} {[%emt 00:02:01]}
Kd8 {[%clk 01:18:06]} {[%emt 00:00:30]} 43. Kg4 {[%clk 00:57:00]} {[%emt
00:00:42]} b4 {[%clk 01:17:47]} {[%emt 00:00:49]} 44. e7+ {[%clk 00:57:02]}
{[%emt 00:00:28]} Ke8 {[%clk 01:16:38]} {[%emt 00:01:39]} 45. Kf5 {[%clk
00:57:12]} {[%emt 00:00:19]} b3 {[%clk 01:16:58]} {[%emt 00:00:11]} 46. Ke6
{[%clk 00:57:32]} {[%emt 00:00:10]} Nc5+ {[%clk 01:17:26]} {[%emt 00:00:02]}
47. Kd6 {[%clk 00:57:50]} {[%emt 00:00:11]} Ne4+ {[%clk 01:17:36]} {[%emt
00:00:21]} 48. Ke6 {[%clk 00:57:48]} {[%emt 00:00:31]} Ng5+ {[%clk 01:17:45]}
{[%emt 00:00:21]} 49. Kd6 {[%clk 00:57:38]} {[%emt 00:00:41]} Nf7+ {[%clk
01:18:06]} {[%emt 00:00:09]} 50. Ke6 {[%clk 00:57:45]} {[%emt 00:00:22]} Nd8+
{[%clk 01:15:40]} {[%emt 00:02:57]} 51. exd8=Q+ {[%clk 00:52:34]} {[%emt
00:05:41]} Kxd8 {[%clk 01:15:59]} {[%emt 00:00:11]} 52. Kd6 {[%clk 00:52:59]}
{[%emt 00:00:05]} b2 {[%clk 01:15:46]} {[%emt 00:00:42]} 53. e6 {[%clk
00:53:03]} {[%emt 00:00:26]} Ke8 {[%clk 01:16:04]} {[%emt 00:00:13]} 54. e7
{[%clk 00:51:32]} {[%emt 00:02:00]} b1=Q {[%emt 00:00:31]} 55. Nf6+ {[%clk
00:51:47]} {[%emt 00:00:13]} Kf7 {[%clk 01:15:01]} {[%emt 00:01:34]} 56. e8=Q+
{[%clk 00:52:11]} {[%emt 00:00:07]} Kxf6 {[%clk 01:15:22]} {[%emt 00:00:09]}
57. Qe6 {[%clk 00:51:55]} {[%emt 00:00:45]} Kg5 {[%clk 01:15:38]} {[%emt
00:00:15]} 58. Qd5+ {[%clk 00:51:16]} {[%emt 00:01:09]} Qf5 {[%clk 01:15:59]}
{[%emt 00:00:08]} 59. Qa2 {[%clk 00:48:20]} {[%emt 00:03:26]} Qf6+ {[%clk
01:15:36]} {[%emt 00:00:53]} 60. Kc7 {[%clk 00:48:33]} {[%emt 00:00:18]} Qe7+
{[%clk 01:15:44]} {[%emt 00:00:22]} 61. Kb6 {[%clk 00:47:06]} {[%emt 00:01:57]}
Qd8+ {[%clk 01:15:42]} {[%emt 00:00:32]} 62. Kc5 {[%clk 00:46:21]} {[%emt
00:01:08]} Qc7+ {[%clk 01:16:12]} {[%emt 00:00:08]} 63. Kd4 {[%clk 00:46:02]}
{[%emt 00:00:47]} Qb6+ {[%clk 01:16:21]} {[%emt 00:00:21]} 64. Kc3 {[%clk
00:45:58]} {[%emt 00:00:34]} Qc5+ {[%clk 01:16:42]} {[%emt 00:00:10]} 65. Kd3
{[%clk 00:45:42]} {[%emt 00:00:45]} Qf5+ {[%clk 01:16:19]} {[%emt 00:00:54]}
66. Ke3 {[%clk 00:45:35]} {[%emt 00:00:35]} a5 {[%clk 01:15:27]} {[%emt
00:01:24]} 67. Qg8+ {[%clk 00:45:03]} {[%emt 00:01:00]} Kh5 {[%clk 01:15:46]}
{[%emt 00:00:12]} 68. Qe8+ {[%clk 00:44:57]} {[%emt 00:00:34]} Qg6 {[%clk
01:16:12]} {[%emt 00:00:07]} 69. Qa8 {[%clk 00:40:39]} {[%emt 00:04:48]} Qg3+
{[%clk 01:15:27]} {[%emt 00:01:14]} 70. Kd4 {[%clk 00:40:14]} {[%emt 00:00:55]}
Qf4+ {[%clk 01:15:48]} {[%emt 00:00:09]} 71. Kd3 {[%clk 00:40:18]} {[%emt
00:00:24]} a4 {[%clk 01:16:01]} {[%emt 00:00:20]} 72. Qa5+ {[%clk 00:39:08]}
{[%emt 00:01:36]} Kg4 {[%clk 01:15:38]} {[%emt 00:00:58]} 73. Qa8 {[%clk
00:38:20]} {[%emt 00:01:16]} a3 {[%clk 01:15:51]} {[%emt 00:00:18]} 74. Kc2
{[%clk 00:37:45]} {[%emt 00:01:02]} Qf2+ {[%clk 01:14:16]} {[%emt 00:02:08]}
75. Kb3 {[%clk 00:35:47]} {[%emt 00:02:28]} a2 {[%clk 01:13:49]} {[%emt
00:00:57]} 76. Qg8+ {[%clk 00:35:45]} {[%emt 00:00:31]} Kh4 {[%clk 01:13:12]}
{[%emt 00:01:06]} 77. Qd8+ {[%clk 00:36:01]} {[%emt 00:00:15]} Kg3 {[%clk
01:13:27]} {[%emt 00:00:14]} 78. Qg8 {[%clk 00:36:14]} {[%emt 00:00:18]} Kh2
{[%clk 01:13:47]} {[%emt 00:00:10]} 79. Qh8 {[%clk 00:35:47]} {[%emt 00:00:57]}
Kxg2 {[%clk 01:12:13]} {[%emt 00:02:04]} 80. Qa1 {[%clk 00:35:12]} {[%emt
00:01:04]} Qe3+ {[%clk 01:12:00]} {[%emt 00:00:44]} 81. Kxa2 {[%clk 00:34:06]}
{[%emt 00:01:36]} Qa7+ {[%clk 01:12:20]} {[%emt 00:00:11]} 82. Kb2 {[%clk
00:34:30]} {[%emt 00:00:05]} Qxa1+ {[%clk 01:12:45]} {[%emt 00:00:06]} 83. Kxa1
{[%clk 00:34:58]} {[%emt 00:00:02]} h5 {[%clk 01:13:05]} {[%emt 00:00:10]} 84.
Kb2 {[%clk 00:35:23]} {[%emt 00:00:05]} h4 {[%clk 01:13:31]} {[%emt 00:00:04]}
85. Kb3 {[%clk 00:35:50]} {[%emt 00:00:03]} h3 {[%clk 01:13:57]} {[%emt
00:00:04]} 86. Kb4 {[%clk 00:36:16]} {[%emt 00:00:04]} h2 {[%clk 01:14:26]}
{[%emt 00:00:01]} 87. Kb5 {[%clk 00:36:41]} {[%emt 00:00:05]} h1=Q {[%clk
01:14:50]} {[%emt 00:00:06]} 88. Kb6 {[%clk 00:37:08]} {[%emt 00:00:03]} Qc1
{[%clk 01:15:10]} {[%emt 00:00:09]} 89. Ka7 {[%clk 00:37:33]} {[%emt 00:00:05]}
Qb2 {[%clk 01:15:33]} {[%emt 00:00:08]} 90. Ka8 {[%clk 00:37:58]} {[%emt
00:00:05]} Qb5 {[%clk 01:15:57]} {[%emt 00:00:06]} 91. Ka7 {[%clk 00:38:20]}
{[%emt 00:00:08]} Kf3 {[%clk 01:16:23]} {[%emt 00:00:03]} 92. Ka8 {[%clk
00:38:46]} {[%emt 00:00:04]} Ke4 {[%clk 01:16:48]} {[%emt 00:00:05]} 0-1

[Event "DEM U12w 2022"]
[Site "Willingen GER"]
[Date "2022.06.05"]
[Round "1"]
[White "Yamshchikova, Alisa"]
[Black "Ignatova, Gabriela"]
[Result "1-0"]
[Termination "normal"]
[Board "13"]
[WhiteElo "1216"]
[BlackElo "1170"]
[PlyCount "87"]
[WhiteFideId "34135790"]
[BlackFideId "34623698"]
[EventCountry "GER"]
[EventRounds "9"]
[EventType "swiss"]
[EventDate "2022.06.04"]

{normal} 1. e4 c5 2. Nf3 Nc6 3. d4 cxd4 4. Nxd4 g6 5. c4 Bg7 6. Be3 Nf6 7. f3
O-O 8. Nc3 d6 9. Be2 e5 10. Ndb5 Be6 11. Nxd6 Qa5 12. Nxb7 Qb4 13. Qb3 Qxb3 14.
axb3 Rab8 15. Nc5 Rfd8 16. Nxe6 fxe6 17. Nb5 Nb4 18. Rxa7 Nc2+ 19. Kf2 Rf8 20.
Bc1 Nxe4+ 21. Kg1 Ng5 22. Bxg5 h6 23. Bd2 Rbd8 24. Bc3 e4 25. Rxg7+ Kh8 26.
Rxg6+ Kh7 27. Rxe6 Rg8 28. Rxe4 Rge8 29. Rxe8 Rxe8 30. Bd3+ Kg8 31. Bxc2 Re2
32. Be4 h5 33. Kf1 Rxe4 34. fxe4 Kf7 35. Ke2 Ke6 36. Rd1 h4 37. c5 h3 38. gxh3
Ke7 39. c6 Ke6 40. c7 Ke7 41. c8=Q Kf7 42. Qd7+ Kg6 43. Rg1+ Kh5 44. Qh7# 1-0